00783nam a2200181 a 4500003000200000005001700002008004100019050003500060100001900095245012200114260009200236300004800328504004100376650004900417650003600466650004500502650005400547020250317125938.0071127s19uu xx 00 eng d aPGS LB 1027.23.C66b.H874 2007 aHuang, Claire. aEducational practices of Tao Yuan Elementary School and Southville International School and Colleges /cClaire Huang. aLas Piñas City, Philippines : bSouthville International School and Colleges,c2007. a39 pages :bcolored illustrations ;c28 cm. aIncludes bibliographical references. aComparative educationzPhilippineszTaiwan.  aEducationvComparative studies. aElementary educationvTeaching methods.  aSchool management and organizationvCase studies.